| 000 | 00653nam a2200241Ia 4500 | ||
|---|---|---|---|
| 005 | 20260430150652.0 | ||
| 008 | 008 250103s9999 xx 000 0 eng d | ||
| 037 | _aTheses | ||
| 040 | _aCRL | ||
| 040 | _beng | ||
| 040 | _ceng | ||
| 041 | _2eng | ||
| 041 | _aeng | ||
| 084 | _qCRL | ||
| 100 |
_aSingh Angad Yuvraj Au.; Jain Sanjay Gu. _91238157 |
||
| 245 | 0 | _aModeling Evolution of Protocells Containing Bistable Autocatalytic Sets | |
| 260 | _c2024 | ||
| 300 | _a130p. | ||
| 650 | _aPhysics | ||
| 700 |
_aUniversity of Delhi. Faculty of Science. Deptt. of Physics & Astrophysics _91237110 |
||
| 942 | _cTH | ||
| 999 |
_c1850345 _d1850345 |
||